Countries with Territory in Both Southern and Northern Hemisphere - Statistics

General Stats
  • This quiz has been taken 217 times
  • The average score is 10 of 15
Answer Stats
Answer % Correct
Brazil
92%
Democratic Republic of the Congo
90%
Indonesia
85%
Republic of the Congo
85%
Ecuador
83%
France
80%
Kenya
78%
United Kingdom
78%
Colombia
76%
Gabon
63%
Somalia
61%
Uganda
60%
Kiribati
43%
Maldives
38%
Sao Tomé and Principe
19%
No matching quizzes found
Score Distribution
Percent of People with Each Score
Percentile by Number Answered
Your Score History
You have not taken this quiz